| 000 | 01101nam a2200313 c 4500 | ||
|---|---|---|---|
| 003 | BLK | ||
| 005 | 20241025005437.0 | ||
| 008 | 180412b bul|||||r ||||||| ||bul|| | ||
| 010 | _aKNG00009549000 | ||
| 020 |
_a954-439-347-1 _bиздат.: Слово |
||
| 040 | _aBLK | ||
| 041 |
_aBUL _cBUL |
||
| 080 |
_aБългарска литература _b821.163.2 _x-32 _z821.163.2-32 |
||
| 100 |
_aЙовков, Йордан Стефанов _d1880-1937 _gПисател класик - белетрист, драматург, майстор на късия разказ _9363298 |
||
| 139 |
_aЙовков, Йордан Стефанов _bИ 77 |
||
| 245 | 1 | 0 |
_aРазкази _cЙордан Стефанов Йовков. |
| 257 | _aBGR | ||
| 260 |
_аВ. Търново _bСлово _c1995 |
||
| 300 |
_a348 с. _c20 см |
||
| 380 | _aX | ||
| 490 | 1 | _aКласиците в училище | |
| 500 | _a5 000 тир. | ||
| 852 | _aЦб 184441 | ||
| 856 | 4 |
_qpdf _u |
|
| 856 | 4 |
_qpdf _u |
|
| 942 |
_cKNG _n0 |
||
| 944 |
_aCR _c15.01.2003 _lCRON CRON _k |
||
| 944 |
_aED _c13.08.2014 _lф / _k |
||
| 999 |
_c8212 _d8212 |
||